Score 0/26 Timer 03:00
1 Play Today
Club Missing Word % Correct
FC _____ MünchenBayern
95.6%
Atlético _____Madrid
94.7%
_____ MadridReal
94.5%
_____ Palace F.C.Crystal
93.7%
Manchester _____ F.C.United
93.5%
Paris Saint-_____Germain
93.3%
_____ MilanInter
92.3%
_____ Ham United F.C.West
91.7%
_____ Hotspur F.C.Tottenham
90.1%
Boca _____Juniors
88.2%
FC _____ KyivDynamo
85.6%
_____ Park Rangers F.C.Queens
85.4%
_____ AmsterdamAjax
84.8%
Club Missing Word % Correct
_____ Forest F.C.Nottingham
84.7%
River _____Plate
83%
Bayer 04 _____Leverkusen
83%
PSV _____Eindhoven
79.9%
Eintracht _____ e.V.Frankfurt
76.9%
_____ Saint PetersburgZenit
76.8%
_____ Boys BernYoung
73.8%
_____ de MarseilleOlympique
70.5%
CR _____ da GamaVasco
66.1%
AC _____ Praha Sparta
54.4%
Wisła _____Kraków
51.9%
Maccabi _____ F.C.Haifa
48.2%
_____ DeportivoXerez
13.7%

Today's Daily Dose

Remove Ads.
Support Sporcle.
Get the best of Sporcle when you Go Orange. This ad-free experience offers more features, more stats, and more fun while also helping to support Sporcle. Thank you for becoming a member.

You're not logged in!

Compare scores with friends on all Sporcle quizzes.
OR
Log In

Show Comments

Extras

Top Quizzes Today


Score Distribution

Your Account Isn't Verified!

In order to create a playlist on Sporcle, you need to verify the email address you used during registration. Go to your Sporcle Settings to finish the process.

Report this User

Report this user for behavior that violates our Community Guidelines.

Details: